| 000 | 00461nam a22001697a 4500 | ||
|---|---|---|---|
| 003 | GBCCL | ||
| 005 | 20241126110334.0 | ||
| 008 | 161012b xxu||||| |||| 00| 0 eng d | ||
| 040 | _cGBC | ||
| 082 |
_a178 _bGAR |
||
| 100 | 1 | 0 |
_aGarmon, William S and Strickland, Phil _9169 |
| 245 |
_aHow to fight the drug menace / _cWilliam S. Garmon |
||
| 260 |
_aTennesse: _bBroadman Press, _cc1970 |
||
| 300 |
_a127p. _c20cm. |
||
| 650 |
_aPsychology _9120 |
||
| 942 |
_2ddc _cBK _01 |
||
| 999 |
_c270 _d270 |
||